000 00409nam a2200169 a 4500
001 4448
003 CO-ViMGA
008 141112s2004 ck r 000 u spa d
040 _aCO-ViMGA
_bspa
_cCO-ViMGA
082 0 4 _a620.106 S456
100 1 _aSimón, Andrew
_955180
245 1 0 _aHidráulica básica
260 _aMexico :
_bLimusa,
_c1994
300 _a234 p : il
650 1 4 _aHIDRAULICA
942 _2ddc
_cBK
999 _c16458
_d16458